| Tag |
First Indicator |
Second Indicator |
Subfields |
| LEADER |
00000cam a2200000 4500 |
| 001 |
in00000027441 |
| 005 |
20151007061341.0 |
| 008 |
740523s1951 mdua 00000 eng u |
| 010 |
|
|
|a 51007444
|
| 035 |
|
|
|a (OCoLC)00894204
|
| 035 |
|
|
|9 AAD1850AM
|
| 040 |
|
|
|c TRL
|d TXA
|d UtOrBLW
|
| 049 |
|
|
|a TXAM
|c [308321]
|
| 050 |
|
0 |
|a VK577
|b .O45
|
| 092 |
|
|
|a 623.86
|b O36m, 1951
|
| 100 |
1 |
|
|a O'Hara, Walter J.,
|d 1910-
|
| 245 |
1 |
0 |
|a Mariner's gyro-navigation manual for masters, mates, marine engineers and potential ship's officers.
|
| 264 |
|
1 |
|a Cambridge, Md. :
|b Cornell Maritime Press,
|c 1951.
|
| 300 |
|
|
|a 164 pages :
|b illustrations ;
|c 22 cm.
|
| 336 |
|
|
|a text
|b txt
|2 rdacontent
|
| 337 |
|
|
|a unmediated
|b n
|2 rdamedia
|
| 338 |
|
|
|a volume
|b nc
|2 rdacarrier
|
| 650 |
|
0 |
|a Gyro compass.
|
| 999 |
|
|
|a MARS
|
| 999 |
f |
f |
|s b3d639d4-8f60-3d51-aec5-34ce522ffe67
|i baf1c443-9f80-3283-b029-a74f23899f60
|t 0
|
| 952 |
f |
f |
|p ric
|a Texas A&M University
|b Rellis Campus
|c Joint Library Facility
|d Remote Storage
|t 0
|e VK577 .O45
|h Library of Congress classification
|i unmediated -- volume
|m A14801044559
|
| 998 |
f |
f |
|a VK577 .O45
|t 0
|l Remote Storage
|